000 00629aas a2200181 4500
999 _c50096
_d50096
001 768714001
003 CO-MdFUSB
005 20170912115807.0
008 170912s2002 ag ||||| |||| 00| 0 spa d
022 _a0326-6737
040 _aCO-MdFUSB
_bspa
_cCO-MdFUSB
_dCO-MdFUSB
041 _aspa
100 1 _aPawlikowski, John
_eautor
245 1 0 _aReflexiones ante el holocausto :
_bla responsabilidad humana a comienzos del siglo 21
_c/ Pawlikowski, John
300 _aVolumen 21 (2002), páginas 169-184
_c: 23 cm.
773 0 _tCuadernos de Teología
_049404
_959700
_gVolumen 21 (2002), páginas 169-184
_qPágina 169
942 _cANA